[Event "RUS-ch Higher League 60th"]
[Site "Krasnoyarsk"]
[Date "2007.09.04"]
[Round "2"]
[White "Vitiugov, Nikita"]
[Black "Popov, Ivan1"]
[Result "1-0"]
[WhiteElo "2608"]
[BlackElo "2524"]
[Annotator "Vitiugov,N"]
[PlyCount "93"]
[EventDate "2007.09.03"]
[EventType "swiss"]
[EventRounds "11"]
[EventCountry "RUS"]
[SourceTitle "CBM 120"]
[Source "ChessBase"]
[SourceDate "2007.10.02"]
[SourceVersion "1"]
[SourceVersionDate "2007.10.02"]
[SourceQuality "1"]

{Games of young chessplayers are always principled, and a struggle is very
likely. This game is no exception. Recently Ivan won the Russian championship
under 20, I took the second place, and I was seeking for revenge.} 1. d4 d5 2.
c4 c6 3. Nf3 Nf6 4. Nc3 a6 5. Ne5 $5 {A rare continuation. Experts of this
variations are the Russian GM's Riazantsev, Gleizerov and Ulibin.} Nbd7 (5...
e6) (5... dxc4) 6. Bf4 (6. cxd5 $5 Nxe5 7. dxe5 Nxd5 8. e4 Nxc3 9. Qxd8+ Kxd8
10. bxc3 $13) 6... dxc4 7. Nxc4 b5 8. Ne5 Bb7 9. e3 e6 (9... c5 $6 10. dxc5
Nxe5 11. Bxe5 Nd7 12. Bg3 Nxc5 13. Qxd8+ Rxd8 14. Nxb5 $1 axb5 15. Bxb5+ Nd7
16. O-O $36 {Gleizerov - Vysochin, 2006}) 10. Qf3 Qb6 11. Nxd7 Nxd7 12. Bd3 c5
({I think, it would better to play} 12... Nf6 13. Be5 Nd7 (13... c5 14. Qg3 {
Riazantsev - Galstian, 2007}) 14. Bf4 Nf6 15. Be5 Nd7 16. O-O {Savchenko -
Deviatkin, 2007}) 13. Be4 Bxe4 14. Nxe4 Rc8 (14... Qa5+ 15. Ke2 Rc8 16. Rhd1
Qb4 17. Kf1 c4 18. Qg3 {Riazantsev - Movsesian, 2007} (18. Bd6 $1 $18)) 15. O-O
f5 $146 (15... Qc6 16. dxc5 e5 17. Bg3 g6 18. Rad1 f5 19. Nd6+ Bxd6 20. Rxd6
Qxf3 21. gxf3 Rxc5 22. Rfd1 $18 {Harika - Swathi, 2007}) 16. Ng5 {Ivan thought
a lot in the opening, and I decided to play aggressively.} ({The alternative
was} 16. Nxc5 $5 Nxc5 (16... Bxc5 17. dxc5 Qxc5 18. Rad1 $14) 17. Rac1 e5 $8
18. dxc5 Qe6 19. Bg3 Bxc5 20. b4 $36) 16... Be7 (16... Nf6 17. Be5 Qc6 18. Bxf6
$1 $16) 17. Qh5+ {Forcing a weakening of the kingside.} (17. d5 Bxg5 $1 (17...
e5 18. Ne6 exf4 19. Nxg7+ Kf7 20. Nxf5 $44) 18. Bxg5 $13) 17... g6 18. Qh6 Bf8
{Ivan has to retreat to finish development.} (18... Bxg5 19. Bxg5 Kf7 20. Rad1
$36) 19. Qh3 Bg7 20. Rad1 h6 (20... cxd4 $6 21. exd4 h6 22. Nxe6 $1) 21. Nf3 ({
Very tempting was} 21. dxc5 $5 Nxc5 (21... hxg5 22. cxb6 Rxh3 23. b7 Rd8 24.
Bc7 $18) 22. Nf3 Ne4 (22... Bxb2 23. Be5 Bxe5 24. Nxe5 $16) 23. Ne5 (23. Be5
Qb7 $13 (23... O-O 24. Bxg7 Kxg7 25. Rd7+ Rf7 26. Rxf7+ Kxf7 27. Qxh6 $16))
23... Bxe5 24. Bxe5 Rh7 $14 {but the continuation in the game seemed to me
more attractive}) 21... cxd4 (21... c4 $6 22. Ne5 Nxe5 23. dxe5 $14 {[%csl Ge5,
Re6,Rg7][%cal Gd1d6]}) 22. exd4 Nf6 23. Rc1 $1 {A very important move, which
allows White to maintain his initiative.} (23. Rfe1 Nd5 24. Be5 (24. Qg3 Nxf4
25. Qxf4 O-O) 24... O-O $13) 23... Rxc1 24. Rxc1 Nd5 $1 25. Be5 {Perhaps Ivan
underestimated this move.} (25. Qg3 Nxf4 26. Qxf4 O-O $11) (25. Rc8+ Kf7 26.
Rxh8 Nxf4 $1 $19) 25... O-O 26. Qg3 {White forces new weaknesses} g5 (26... Kh7
27. Bxg7 Kxg7 28. Ne5 $16) 27. h4 g4 28. Bxg7 Kxg7 29. Qe5+ Kf7 $2 {The
principal mistake. Black didn't find the defensive idea.} ({after} 29... Kh7
30. Ne1 Rd8 31. Nd3 Qd6 {White had to work a lot.}) 30. Ne1 $16 {[%csl Gd4,Ge1,
Ge5,Gf4][%cal Gc1c7]} Qb7 (30... Rd8 31. Nd3 Qd6 32. Rc8 $5 $36) (30... Qb8 31.
Nd3 Rc8 32. Rc6 $1 $16) 31. Nd3 Rc8 32. Re1 {A small mistake} ({The natural} 
32. Rc5 $5 {seemed to me not clear enough} Rxc5 (32... Qb8 33. Rc6 $1 $16) 33.
dxc5 $16 {But now I can't understand why.}) 32... Qc6 33. Nc5 Re8 34. Rc1 $6
$138 {In zeitnot, I wanted to repeat the position, but missed Black's
counterplay.} (34. g3 $5) 34... Rc8 $6 {Fortunately, Ivan preferred a passive
defense.} (34... Qc7 $1 35. Qe1 Qf4 $14) 35. g3 Nf6 36. Qe3 Qd5 37. Re1 Re8 $2
{In my zeitnot Ivan overlooks an unusual tactical trick.} (37... Ne4 $8 38. b4
$16 (38. Nxe4 Qxe4 39. Qxe4 fxe4 40. Rxe4 Rc2 $132)) 38. Qxh6 Qxd4 39. h5 $1
$18 Qxc5 (39... Rg8 40. Nxe6 Qb4 41. Nd8+ $18) 40. Qg6+ Ke7 41. Qg7+ Kd6 42.
Qxf6 Kd7 43. h6 Qe7 44. Qc3 Qd6 (44... Qf8 $5 45. Qe3 $18) 45. h7 Qf8 46. Qe3
e5 47. Rd1+ {The victory in this game brought me the greatest satisfaction
during the tournament.} 1-0

[Event "Dortmund SuperGM 23rd"]
[Site "Dortmund"]
[Date "1995.07.21"]
[Round "7"]
[White "Karpov, Anatoly"]
[Black "Short, Nigel D"]
[Result "1/2-1/2"]
[WhiteElo "2775"]
[BlackElo "2645"]
[Annotator "Von Gleich,A"]
[PlyCount "66"]
[EventDate "1995.07.14"]
[EventType "tourn"]
[EventRounds "9"]
[EventCountry "GER"]
[EventCategory "17"]
[SourceTitle "CBM 048"]
[Source "ChessBase"]
[SourceDate "1995.10.01"]
[SourceVersion "1"]
[SourceVersionDate "1995.10.01"]
[SourceQuality "1"]

1. d4 d5 2. c4 c6 3. Nc3 Nf6 4. e3 a6 5. Nf3 b5 6. cxd5 cxd5 7. Ne5 e6 8. Bd2
Be7 9. Be2 O-O 10. O-O Bb7 11. Nd3 Nbd7 (11... Nc6 $6 12. Rc1 Rc8 13. Nb1 $14)
12. b4 (12. a4 b4 13. Na2 a5 14. Nac1 Ne4 $132) 12... Nb6 13. a4 Ne4 (13...
bxa4 $6 14. Nxa4 Nxa4 15. Qxa4 Ne4 16. Rfd1 Qb6 17. Nc5 Bc6 18. Qa5 $14) 14.
axb5 Nxc3 15. Bxc3 axb5 16. Nc5 Bc6 17. Rxa8 Qxa8 18. Bd3 Qa2 19. Qh5 $1 (19.
Qg4 Qa3 20. Nxe6 g6 21. Nxf8 Bxf8 22. Qe2 Qxc3 23. Bxb5 $13) 19... g6 20. Qe5
Qa7 {Der einzige aber auch ausreichende Zug. Es gab Gelegenheit zu straucheln:}
(20... Qa3 21. Nxe6 fxe6 22. Qxe6+ Rf7 23. Qxc6 Na4 24. Qa8+ $1 Rf8 25. Qxd5+
Rf7 26. Qa8+ Rf8 27. Qa7 $18 {Karpov}) 21. Ra1 $14 Qb8 22. Qxb8 Rxb8 23. Ra5
Bd8 $1 {Zäheste Verteidigungsarbeit.} 24. Be1 Ra8 25. Rxa8 Nxa8 26. g4 Nb6 27.
f3 Nc4 28. Bf2 Bg5 29. f4 Be7 30. Kg2 f6 31. Kf1 Kf7 32. Ke2 e5 33. h3 e4
1/2-1/2

[Event "Kharkov Rector Cup 4th"]
[Site "Kharkov"]
[Date "2002.03.29"]
[Round "10"]
[White "Eljanov, Pavel"]
[Black "Kobalia, Mihail"]
[Result "1/2-1/2"]
[WhiteElo "2540"]
[BlackElo "2620"]
[Annotator "Wells,P"]
[PlyCount "146"]
[EventDate "2002.03.22"]
[EventType "tourn"]
[EventRounds "10"]
[EventCountry "UKR"]
[EventCategory "13"]
[SourceTitle "CBM 089"]
[Source "ChessBase"]
[SourceDate "2002.08.12"]
[SourceVersion "1"]
[SourceVersionDate "2002.08.12"]
[SourceQuality "1"]

1. d4 d5 2. c4 c6 3. Nf3 Nf6 4. Nc3 a6 5. e3 b5 6. cxb5 cxb5 7. Bd3 e6 8. O-O
Bb7 9. a4 b4 10. Ne2 Ne4 11. a5 Bd6 12. Ne5 Nd7 13. f3 Nef6 14. f4 Ne4 15. Qa4
Rc8 16. Bxe4 {Enables white's development to proceed apace, and reveals the
weakness of the b4 pawn. Nevertheless, while logical, this does, as we shall
see, permit black definite play on the light squares.} dxe4 17. Bd2 Bxe5 $1 {
Forced really I suppose, but also thematic. Black does not attempt a hopeless
holding job on his b4 pawn, but heads towards a light-square blockade -
emphasising his strengths. However, his knight is also rather dominated, and
is likely to require a tactical solution.} 18. fxe5 Bc6 {[%csl Rd7][%cal Gc6b5]
} 19. Qxb4 Bb5 20. Rf2 Rc4 21. Qd6 {Psychologically it is difficult to move to
a square which no longer dominates black's right to castle. However, the game
continuation is very comfortable for black and white might therefore have
looked at} (21. Qb3 $5) 21... Rc6 22. Qa3 Nxe5 23. dxe5 Qxd2 24. Nc3 Qd3 25.
Rd1 Rxc3 26. Qa1 Rc7 27. Rxd3 exd3 28. b3 O-O 29. Rd2 Rc2 30. Qd1 Rxd2 31. Qxd2
Rc8 32. Qb4 h6 33. Kf2 Rd8 34. Qd2 Rd5 35. e4 Rxe5 36. Qb4 f5 37. exf5 exf5 38.
Qd6 Re8 39. h4 Kf7 40. h5 Re6 41. Qd8 Re7 42. Qd5+ Kf6 43. Qd4+ Ke6 44. Ke1 Rd7
45. Qb6+ Rd6 46. Qe3+ Kf7 47. Kd1 Kf6 48. Qf4 Rd5 49. Kd2 Rd7 50. Qg3 Re7 51.
Qd6+ Re6 52. Qf8+ Kg5 53. Qxg7+ Kf4 54. Qc7+ Kg4 55. Qf7 Rc6 56. Qd5 Rc2+ 57.
Kd1 Rf2 58. Qd4+ Rf4 59. Qe3 Rf1+ 60. Kd2 Kxh5 61. Qh3+ Kg6 62. Qg3+ Kf7 63.
Qc7+ Ke6 64. Qb6+ Kd5 65. Qxh6 Rf2+ 66. Kd1 Ke4 67. Qh4+ Rf4 68. Qe7+ Kd5 69.
Qd8+ Ke6 70. Qb6+ Kd5 71. Kd2 Rf1 72. Qb7+ Ke5 73. Qe7+ Kd5 1/2-1/2

[Event "Golombek Memorial"]
[Site "Paignton"]
[Date "2000.09.03"]
[Round "1"]
[White "Gormally, Daniel"]
[Black "Fontaine, Robert"]
[Result "0-1"]
[WhiteElo "2499"]
[BlackElo "2449"]
[Annotator "Wells,P"]
[PlyCount "110"]
[EventDate "2000.09.03"]
[EventType "tourn"]
[EventRounds "11"]
[EventCountry "ENG"]
[EventCategory "11"]
[SourceTitle "CBM 079"]
[Source "ChessBase"]
[SourceDate "2000.11.21"]
[SourceVersion "1"]
[SourceVersionDate "2000.11.21"]
[SourceQuality "1"]

1. d4 d5 2. c4 c6 3. Nf3 Nf6 4. Nc3 a6 5. Bg5 Ne4 6. Bf4 Nxc3 7. bxc3 dxc4 8.
e4 b5 9. a4 Nd7 10. Ng5 e5 $5 11. dxe5 Be7 $132 {[%csl Gc5][%cal Gd7c5,Gc5b3,
Gc5d3]} 12. e6 $6 {It is difficult in such a difficult position not to
'annotate by result' and to really attempt to draw the right lesson. It is
clear that after the text the positional aspect of black's 10th move prevails
and the initiative passes his way. That prospect should be sufficient
incentive to examine} (12. Nxf7 $5 Kxf7 13. axb5 {when black should definitely
choose} Nb6 $1 {and then} 14. Qf3 {eg. at least creates a degree of mess more
in keeping with white's aims.}) 12... Bxg5 13. Qh5 (13. exf7+ Kf8 $17) 13...
O-O 14. exf7+ $6 {There seems to be no pressing need for this.} (14. Bxg5 {
is at least more flexible.} Nf6 (14... Qa5 15. exf7+ Rxf7 16. Ra3) 15. Qf3 (15.
exf7+ Rxf7) 15... fxe6 16. e5 Qd5) 14... Rxf7 15. Bxg5 Qe8 16. Qh4 Nc5 {
[%csl Gc5] ...and so black in the truest sense of the word seizes the
initiative, and cashes in on the excellent positional dividend set-up by his
10th move.} 17. f3 Qe5 18. Bd2 Nb3 19. Ra2 Nxd2 20. Qd8+ Rf8 21. Qxd2 Be6 22.
Qe3 Rab8 23. Be2 bxa4 $17 {[%csl Rc3][%cal Gb8b3]} 24. O-O Rb3 25. Rxa4 Rxc3
26. Qb6 Rc2 27. Bd1 Rb2 28. Qe3 Rd8 29. f4 Qb5 30. Ra1 Rd3 31. Qa7 c3 32. Qa8+
Qb8 33. Qxc6 Qb6+ 34. Qxb6 Rxb6 35. Rf3 Bc4 36. Rc1 Rxd1+ 37. Rxd1 c2 38. Rd8+
Kf7 39. Rc3 Rb1+ 40. Kf2 c1=Q 41. Rxc1 Rxc1 42. Rd7+ Kf8 43. Ra7 Rc2+ 44. Kf3
Be2+ 45. Ke3 Bb5 46. Ra8+ Ke7 47. Ra7+ Kf8 48. g4 Rxh2 49. f5 Re2+ 50. Kd4 Rg2
51. Ra8+ Be8 52. Rxa6 Rxg4 53. Ke3 h5 54. Kf3 Bb5 55. Ra8+ Kf7 0-1

[Event "Bayern-chI Bank Hofmann 15th"]
[Site "Bad Wiessee"]
[Date "2011.11.02"]
[Round "6"]
[White "Zakhartsov, Viacheslav V"]
[Black "Krivoborodov, Egor"]
[Result "1/2-1/2"]
[WhiteElo "2580"]
[BlackElo "2505"]
[Annotator "Zakhartsov,Vi"]
[PlyCount "40"]
[EventDate "2011.10.29"]
[EventType "swiss"]
[EventRounds "9"]
[EventCountry "GER"]
[SourceTitle "EXT 2012"]
[Source "ChessBase"]
[SourceDate "2011.11.24"]
[SourceVersion "1"]
[SourceVersionDate "2011.11.24"]
[SourceQuality "1"]

1. d4 d5 2. c4 c6 3. Nf3 Nf6 4. Nc3 a6 5. a4 e6 6. Bg5 Nbd7 7. Qc2 {Egor has
very decent results in the Chebanenko Slav, and I have decided to choose this
rare move.} ({Main options here are} 7. e3) ({and} 7. a5) 7... h6 8. Bh4 Qa5 9.
e3 ({In wiew of Black's next move more precise would be} 9. Nd2 c5 10. e3 {
with a completely unexplored position (according to my database, 0 games).})
9... b5 $1 {A very logical and strong novelty.} ({Previously has been played} 
9... Ne4 10. Bd3 f5 11. O-O Bd6 12. c5 Bb8 13. Bxe4 fxe4 14. Nd2 O-O 15. f3
exf3 16. Nxf3 {with White's advantage, Van Wely-Karjakin (Merida 2005) - the
only game with 8...Qa5 before this one.}) 10. c5 {On principle, but now Black
obtains a strong counterplay.} ({However, nothing special would gave} 10. cxd5
cxd5 11. Bxf6 Nxf6 (11... gxf6 {!?}) 12. Nd2 Rb8 13. Nb3 Qc7 14. axb5 axb5 15.
Rc1 Qb6 16. Bxb5+ Bd7 17. Bxd7+ Nxd7) ({or} 10. Bxf6 Nxf6 11. c5 b4 12. Nb1 Nd7
{(preparing e6-e5)}) 10... b4 11. Nb1 Ne4 (11... g5 12. Bg3 Ne4 {was also
strong:} 13. Nfd2 Nxg3 14. hxg3 e5) 12. Nfd2 (12. Nbd2 b3 13. Qxb3 {?} g5 14.
Bg3 g4) 12... b3 $1 {A strong sac. Otherwise White would play Nb3, followed by
a5.} 13. Qxb3 Rb8 14. Qc2 Qb4 15. Bd3 {? A blunder. But White's position is
quite difficult. Relatively better was} (15. f3 Nxd2 16. Nxd2 e5 (16... Nxc5 $2
17. Bg3) 17. Bf2 Be7 18. Ra2 O-O {with excellent compensation for the pawn.})
15... Ndxc5 {Stronger was another capture:} (15... Nexc5 16. O-O Nxd3 17. Qxd3
c5 {with an obvious black advantage.}) 16. Bxe4 Nxe4 17. O-O ({Of course not} 
17. Qxc6+ $2 Bd7 18. Qc1 g5 (18... Qxb2 19. Qxb2 Rxb2 20. Nxe4 dxe4) 19. Bg3
Nxg3 20. hxg3 Qxb2 21. Qxb2 Rxb2 {with a huge advantage.}) 17... Qxb2 (17...
Nxd2 18. Nxd2 {would gave to White chances even to overtake the initiative in
some variations:} c5 (18... Qxb2 19. Qd3 Qb6 20. Bg3 Rb7 21. Rfb1 {with some
initiative}) 19. Bg3 Qxb2 20. Qd1 Rb4 (20... Ra8 21. Nc4 $1 dxc4 (21... Qb7 22.
Rb1 Qa7 23. Nb6) (21... Qb4 22. Nd6+ Bxd6 23. Bxd6) 22. Rb1 Qc3 23. Qf3) 21.
dxc5 Bd7 (21... Bxc5 {?} 22. Rc1) 22. Nf3) 18. Qxb2 Rxb2 19. Nxe4 dxe4 20. Nc3
c5 {Offering a draw.} ({He thought that after} 20... f5 {White have obtained
some activity for the pawn:} 21. a5 Rc2 22. Na4 {. But here Black had the very
strong} e5 $1 23. dxe5 g5 24. Bg3 Rh7 25. Rfc1 Rxc1+ 26. Rxc1 c5 {and could
play for a win almost without risk.}) 1/2-1/2

[Event "SWE-ch"]
[Site "Linkoping"]
[Date "2001.07.05"]
[Round "5"]
[White "Agrest, Evgenij"]
[Black "Couso, Luis"]
[Result "1-0"]
[WhiteElo "2531"]
[BlackElo "2348"]
[Annotator "Ziegler,A"]
[PlyCount "110"]
[EventDate "2001.06.30"]
[EventType "tourn"]
[EventRounds "13"]
[EventCountry "SWE"]
[EventCategory "8"]
[SourceTitle "CBM 085"]
[Source "ChessBase"]
[SourceDate "2001.11.13"]
[SourceVersion "1"]
[SourceVersionDate "2001.11.13"]
[SourceQuality "1"]

1. Nf3 d5 2. d4 Nf6 3. c4 c6 4. Nc3 a6 5. e3 (5. c5 {Är ett bra drag. Vit
följer upp med Lf4 och dominansen längs d6-c7 och b8 gör det svårt för svart.})
5... b5 6. b3 Bg4 7. h3 (7. Qc2 {Är ett bra drag.} {Svart måste slå om han
vill bevisa något.} Bxf3 8. gxf3 {Och i nästa gör vit f4 och därefter väntar
en plågsam historia för svart.}) 7... Bh5 ({Om svart slår} 7... Bxf3 {så
föredrar de flesta:} 8. gxf3 {Visst är det nyttigare med Damen på c2 än bonden
på h3!} ({Eftersom} 8. Qxf3 {kan bemötas med:} e5 {vilket leder till ganska
skumt spel.})) 8. g4 Bg6 9. Ne5 e6 {[#] Den svarta löparen på g6 är obehaglig
för vit eftersom damen står bra på c2.} 10. Bd2 {Ett trygghetsdrag vilket inte
är helt nödvändigt att göra. Vit är orolig för olika typer centrumstötar där
en hängande springare på c3 kan förändra evalueringen i specifika varianter.} (
10. Bg2 {Är möjligt.}) (10. Nxg6 hxg6 {Är spelbart men vit kan fortfarande
inte spela Dc2 eftersom det hänger på g4. Om han spelar Lg2 kan följa upp med
Dc2, men det är inte säkert at man vill ha löparen på en låst diagonal.}) 10...
Nfd7 $6 {Löser vits problematik i ett slag.} 11. Nxg6 hxg6 12. Qc2 Bd6 13. Bg2
Ra7 14. e4 {Vit har löparparet och vill öppna ställingen.} dxc4 15. bxc4 e5 16.
Be3 O-O 17. cxb5 axb5 18. O-O Ra3 19. d5 b4 20. Nb1 {[#]} Rxe3 {Luis är en
person som tycker om att uttrycka sig. Det här är ett sätt. Jag tycker att
många spelare spelar mot sig själva. De känner ett starkt behov av att göra
saker. Men det gäller att kunna lägga band på sig och lyssna på ställningen
istället för att försöka tvinga på ställningen sin egen vilja. Jag tror att
många fina spelare hade kunnat ta ett stag framåt om de lutade sig bakåt lite
grann, och lärde sig att flyta med strömmen istället för att simma emot den.
Stora delar av publiken däremot skulle naturligtvis bli besvikna om alla
spelare hade en välbalanserad stil. Det är ju när två viljespelare möts som
det blir som allra roligast.} ({Det var inget fel på:} 20... Ra6) 21. fxe3 {
Offret kan inte vara helt korekt. Nu behöver Agrest endast bevaka ställningen.}
cxd5 22. exd5 e4 23. Nd2 f5 24. Nc4 Bg3 25. d6 Nc6 26. Rad1 Qg5 27. Bxe4 {
Vit byter en fördel mot en annan. Förmågan att gör detta är en av nycklarna
till framgång.} (27. Kh1) 27... fxe4 28. Rxf8+ Nxf8 29. Qxe4 {Torn och två
fribönder är överlägset springare + löpare.} Nd8 30. Kg2 Bh4 31. Ne5 Qf6 32.
Qd5+ Nfe6 33. Rf1 Qg5 34. Qe4 Nc5 35. Qc4+ Nde6 36. Nf3 Qd8 37. Qd5 Bf6 38. Rc1
Bc3 39. Nd4 Qg5 (39... Qd7 40. Ne2) 40. Qxg5 Nxg5 41. Nb5 Nge4 42. Rd1 Nd7 43.
Kf3 Nec5 44. Ke2 Kf7 45. Rc1 Be5 46. Rb1 Na6 47. Nc7 {Agrest har aldrig
bråttom. Hans energi tycks räcka hur länge som helst. Många andra hade blivit
ivriga eftersom man kan tycka att vit borde ha kunnat avgöra snabbare.} Ndc5
48. Nxa6 Nxa6 49. Rd1 Ke8 50. Rd5 Bh2 51. Rb5 Kf7 52. Rb7+ Kf8 53. Rb5 Ke8 54.
h4 Kd8 55. Kf3 {Vit hotar att centralisera kungen och därefter tar det hela
slut.} Be5 {Luis såg snabbt sitt misstag och gav upp.} 1-0